000 00877nam a2200205 i 4500
001 181282
003 ES-MaACL
005 20230906221323.0
008 121204s1912 fr |||| | fre d
245 0 2 _aL'Oeuvre sociale de la IIIe République
_b: leçons professées au Collège libre des sciences sociales pendant l'année 1911 /
_cpar M.M. Astier, Godart, Groussier, Breton, F. Buisson, Bonnevay, Borrel, Aubriot, Lemire,... ; avec une préface de Paul Deschanel.
260 _aParis :
_bM. Giard et E. Brière,
_c1912.
300 _aXV, 252 p. ;
_c22 cm.
490 1 _aÉtudes économiques et sociales ;
_v15
651 4 _aFrancia-
_xCondiciones sociales.
_9137170
700 0 _aDeschanel, Paul.
_943850
700 0 _aBuisson, Ferdinand.
_932468
830 0 _aÉtudes économiques et sociales ;
_v15
_9184131
852 _aES-MaACL
_jG-3038
999 _c181282
_d181282